000 00639nam a22001937a 4500
005 20251108175500.0
008 250721s2016 xx 000 0 ara d
082 1 4 _a791.437/في
100 1 _aالحجيلان، ماجد
_eمحرر
245 1 0 _aفي لمح البصر :
_bسيناريوهات مختارة من مهرجان افلام السعودية /
264 1 _aالرياض :
_bمجلة الفيصل،
_c2016.
300 _a108ص.
490 0 _aكتاب الفيصل
_v10
650 1 7 _aالافلام السينمائية
650 1 7 _aالافلام
650 1 7 _aالسعودية
942 _2ddc
_cBK
999 _c135172
_d135172